000 00267nam a2200109Ia 4500
008 230907s9999||||xx |||||||||||||| ||und||
082 _a333.72
_bSLE
245 0 _aSLE103 :
260 _aCustom Publishing,
_bAustralia :
_c2014
300 _avarious pages.
942 _cBK
999 _c600941
_d600941